Logo BPK

Biblioteka

Politechniki Koszalińskiej

Mały słownik VAT : (Rekord nr 54956)

Szczegóły MARC
000 -ETYKIETA REKORDU
podpole kontrolne o stałej długości 01033nam a2200277 i 4500
001 - NUMER KONTROLNY REKORDU
pole kontrolne bg
015 ## - NUMER BIBLIOGRAFII NARODOWEJ
Numer bibliografii narodowej PB 10835/2008
020 ## - MIĘDZYNARODOWY ZNORMALIZOWANY NUMER KSIĄŻKI - ISBN
ISBN 9788372518699
040 ## - ŹRÓDŁO KATALOGOWANIA
Instytucja, która utworzyła rekord BPK
041 ## - KOD JĘZYKA
Kod języka tekstu pol
044 ## - KOD KRAJU WYDAWCY/PRODUCENTA
Kod kraju wydawcy/producenta POL
080 ## - UNIWERSALNA KLASYFIKACJA DZIESIĘTNA - UKD
UKD 336.226.322(038):[351.95(438):341.6(4-67)](094.8)
920 ## - Międzynarodowy znormalizowany numer książki – ISBN
ISBN 978-83-7251-869-9 :
Warunki dostępności zł 45
008 - POLE O STAŁEJ DŁUGOŚCI - DANE KONTROLNE
podpole kontrolne o stałej długości 080318s2008 pl |001 0 pol
100 1# - NAZWA OSOBOWA
Nazwa osobowa Rogala, Elżbieta.
245 10 - TYTUŁ/ODPOWIEDZIALNOŚĆ
Tytuł Mały słownik VAT :
Ciąg dalszy tytułu 300 terminów, definicji i pojęć, 300 tez orzeczeń WSA, NSA, ETS oraz organów podatkowych, 300 zwrotów łacińskich /
Pozostałe elementy strefy tytułu i oznaczenia odpowiedzialności Elżbieta Rogala.
260 ## - STREFA ADRESU WYDAWNICZEGO
Miejsce wydania Warszawa :
Nazwa wydawcy/dystrybutora Centrum Doradztwa i Informacji Difin,
Data publikacji, dystrybucji/powstania dokumentu 2008.
300 ## - STREFA OPISU FIZYCZNEGO
Objętość 259, [1] s. ;
Rozmiary 23 cm.
504 ## - UWAGA DOTYCZĄCA BIBLIOGRAFII
Informacje o bibliografii Indeks.
610 29 - HASŁO PRZEDMIOTOWE W FORMIE NAZWY CIAŁA ZBIOROWEGO
Nazwa ciała zbiorowego lub nazwa geograficzna Europejski Trybunał Sprawiedliwości
Określnik ogólny orzecznictwo
650 #9 - HASŁO PRZEDMIOTOWE W FORMIE NAZWY OGÓLNEJ LUB JEDNOSTKOWEJ
Nazwa ogólna lub geograficzna Orzecznictwo administracyjne
Określnik geograficzny Polska
Określnik chronologiczny od 2001 r.
650 #9 - HASŁO PRZEDMIOTOWE W FORMIE NAZWY OGÓLNEJ LUB JEDNOSTKOWEJ
Nazwa ogólna lub geograficzna Podatek od towarów i usług
Określnik ogólny terminologia
655 ## - TERMIN INDEKSOWY - OKREŚLENIE RODZAJU/FORMY DOKUMENTU
Określenie rodzaju/formy dokumentu Słowniki
856 ## - LOKALIZACJA I DOSTĘP DO ELEKTRONICZNYCH DOKUMENTÓW ZDALNYCH
Link (URL) http://koha.tu.koszalin.pl/cgi-bin/koha/opac-detail.pl?biblionumber=54956
Tekst linku Katalog online BPK
942 ## - DODATKOWE ELEMENTY (KOHA)
Typ dokumentu Książka
Egzemplarze
Wycofany Status egzemplarza Uszkodzony Dostępność Lokalizacja stała Lokalizacja bieżąca Miejsce przechowywania Sygnatura Kod kreskowy Dział Typ dokumentu Ostatnio wypożyczono
      Tylko na miejscu Biblioteka Politechniki Koszalińskiej Biblioteka Politechniki Koszalińskiej Czytelnia BG 87428 02429533 336.22 Podatki Książka  
      Dostępny Biblioteka Politechniki Koszalińskiej Biblioteka Politechniki Koszalińskiej Wypożyczalnia BG 87429 02429526   Książka 18.12.2025
      Tylko na miejscu Biblioteka Politechniki Koszalińskiej Biblioteka Politechniki Koszalińskiej Czytelnia Wydziałowa ul. Kwiatkowskiego 6e 87430 02429519 336.22 Podatki. Opłaty Książka  
© 2023 Biblioteka Politechniki Koszalińskiej :: KOHA